Guía de consulta de los criterios diagnósticos del DSM-5

Shranjeno v:
Bibliografske podrobnosti
Korporativna značnica: American Psychiatric Association (Author)
Format: Knjiga
Jezik:španščina
Izdano: Arlington American Psychiatric Association 2014
Teme:
Oznake: Označite
Brez oznak, prvi označite!

MARC

LEADER 00000cam a2200000 a 4500
001 UCE2375
003 CL-VaPUC
008 140703e20140000us |||||||||||||||||spa|d
020 |a 9780890425510 
082 0 4 |a 616.89  |b AME  |2 21 
110 2 |a American Psychiatric Association  |e author  |9 574823 
245 1 0 |a Guía de consulta de los criterios diagnósticos del DSM-5 
300 |a 438 p 
942 |c BK 
945 |d 20140703 14:09:00  |a cmena 
260 |a Arlington  |b American Psychiatric Association  |c 2014 
650 0 |a Trastornos mentales  |9 307475 
650 7 |a TRASTORNOS NEUROLOGICOS  |2 CL-VaPUC  |9 434216 
650 0 |a Trastornos de la personalidad   |9 307698 
650 0 |a Diagnóstico clínico   |9 419858 
650 0 |a Manuales  |9 257144 
583 |a last modification  |c 20140703 14:09:00  |k Rodrigo Vera 
999 |c 355979  |d 355977 
952 |0 0  |1 0  |3 erb  |4 0  |6 616_890000000000000_AME_2014  |7 0  |8 R  |9 463043  |a BIBEDU  |b BIBEDU  |c MCIRC  |i 5087899  |l 2  |o 616.89 AME 2014  |p 5087899  |r 2024-06-25  |s 2024-06-25  |w 2019-11-23  |y BK_R  |z Catalogado en:20140703  |k PSI 
952 |0 0  |1 0  |3 erb  |4 0  |6 616_890000000000000_AME_2014  |7 0  |8 R  |9 463044  |a BIBEDU  |b BIBEDU  |c MCIRC  |i 5087902  |l 5  |o 616.89 AME 2014  |p 5087902  |r 2025-04-15  |s 2025-04-14  |w 2019-11-23  |y BK_R  |z Catalogado en:20140703  |k PSI